[Event "PriFR-ch U18"]
[Site "Penza"]
[Date "2008.11.10"]
[Round "8"]
[White "Borisovsky, Viktor"]
[Black "Alyautdinov, Rushan"]
[Result "0-1"]
[WhiteElo "2049"]
[BlackElo "2193"]
[PlyCount "56"]
[EventDate "2008.11.03"]
[EventType "swiss"]
[EventRounds "9"]
[EventCountry "RUS"]
[SourceTitle "EXT 2022"]
[Source "ChessBase"]
[SourceDate "2021.10.06"]
[SourceVersion "1"]
[SourceVersionDate "2021.10.06"]
[SourceQuality "1"]

1. c4 c5 2. Nc3 g6 3. g3 Bg7 4. Bg2 e5 5. e4 Ne7 6. Nge2 0-0 7. 0-0 Nbc6 8. f4 d6 9. d3 f5 10. Rb1 Rb8 11. a3 a6 12. b4 cxb4 13. axb4 b5 14. Nd5 Be6 15. Bd2 Kh8 16. Bc3 fxe4 17. dxe4 bxc4 18. Qd2 Bxd5 19. exd5 Qb6+ 20. Kh1 Nd4 21. g4 Rbe8 22. Ng3 Nb5 23. Ba1 c3 24. Qc1 exf4 25. Rxf4 Be5 26. Rxf8+ Rxf8 27. Ne2 Qf2 28. Nxc3 Qh4 0-1

[Event "PriFR-ch U16"]
[Site "Gorodets"]
[Date "2007.11.??"]
[Round "8"]
[White "Alyautdinov, Rushan"]
[Black "Yaksin, Oleg"]
[Result "1/2-1/2"]
[WhiteElo "2197"]
[BlackElo "2325"]
[PlyCount "40"]
[EventDate "2007.11.02"]
[EventType "swiss"]
[EventRounds "9"]
[EventCountry "RUS"]
[SourceTitle "EXT 2022"]
[Source "ChessBase"]
[SourceDate "2021.10.06"]
[SourceVersion "1"]
[SourceVersionDate "2021.10.06"]
[SourceQuality "1"]

1. e4 e5 2. Nf3 Nf6 3. Nc3 Nc6 4. d4 exd4 5. Nxd4 Bb4 6. Nxc6 bxc6 7. Bd3 d5 8. exd5 cxd5 9. 0-0 0-0 10. Bg5 c6 11. Qf3 Bd6 12. h3 Rb8 13. Na4 Be6 14. b3 h6 15. Bf4 Qc7 16. Bxd6 Qxd6 17. c3 Nd7 18. Bc2 c5 19. Rad1 Rfd8 20. Rfe1 Nf6 1/2-1/2

[Event "PriFR-ch U16"]
[Site "Gorodets"]
[Date "2007.11.??"]
[Round "3"]
[White "Chernikov, Oleg"]
[Black "Alyautdinov, Rushan"]
[Result "1/2-1/2"]
[WhiteElo "1949"]
[BlackElo "2197"]
[PlyCount "59"]
[EventDate "2007.11.02"]
[EventType "swiss"]
[EventRounds "9"]
[EventCountry "RUS"]
[SourceTitle "EXT 2022"]
[Source "ChessBase"]
[SourceDate "2021.10.06"]
[SourceVersion "1"]
[SourceVersionDate "2021.10.06"]
[SourceQuality "1"]

1. e4 c5 2. c3 e5 3. Nf3 Nc6 4. Bc4 Qc7 5. d3 Be7 6. 0-0 Nf6 7. Re1 0-0 8. Nbd2 d6 9. Nf1 a6 10. Bg5 Ne8 11. Ne3 Bxg5 12. Nxg5 h6 13. Nf3 Nf6 14. Nh4 Ne7 15. g3 b5 16. Bb3 Bb7 17. Bc2 d5 18. Qf3 Rad8 19. Nhf5 dxe4 20. dxe4 Nxf5 21. Nxf5 Kh7 22. g4 Rd2 23. Rac1 Rfd8 24. h4 Ne8 25. g5 Nd6 26. gxh6 Nxf5 27. Qxf5+ Kxh6 28. Re3 Qe7 29. Rg3 g6 30. Qg5+ 1/2-1/2

[Event "PriFR-ch U16"]
[Site "Gorodets"]
[Date "2007.11.??"]
[Round "7"]
[White "Muslimov, Evgeny"]
[Black "Alyautdinov, Rushan"]
[Result "0-1"]
[WhiteElo "2035"]
[BlackElo "2197"]
[PlyCount "60"]
[EventDate "2007.11.02"]
[EventType "swiss"]
[EventRounds "9"]
[EventCountry "RUS"]
[SourceTitle "EXT 2022"]
[Source "ChessBase"]
[SourceDate "2021.10.06"]
[SourceVersion "1"]
[SourceVersionDate "2021.10.06"]
[SourceQuality "1"]

1. e4 c5 2. Nf3 Nc6 3. Bb5 g6 4. 0-0 Bg7 5. c3 e5 6. d3 Nge7 7. Be3 d6 8. d4 cxd4 9. cxd4 exd4 10. Bxd4 0-0 11. Bxg7 Kxg7 12. Nc3 Be6 13. Qe2 Qb6 14. Rfd1 Ne5 15. Na4 Nxf3+ 16. gxf3 Qa5 17. Nc3 Rfd8 18. Qd2 d5 19. exd5 Nxd5 20. Nxd5 Qxd2 21. Rxd2 Rxd5 22. Rxd5 Bxd5 23. Kg2 Rc8 24. Bd3 Kf6 25. a3 h5 26. Rd1 Bb3 27. Re1 Rd8 28. Re3 Be6 29. Be4 b6 30. Rc3 Rd2 0-1

[Event "PriFR-ch U16"]
[Site "Gorodets"]
[Date "2007.11.??"]
[Round "1"]
[White "Zhuravlev, Timur"]
[Black "Alyautdinov, Rushan"]
[Result "0-1"]
[WhiteElo "2535"]
[BlackElo "2197"]
[PlyCount "60"]
[EventDate "2007.11.02"]
[EventType "swiss"]
[EventRounds "9"]
[EventCountry "RUS"]
[SourceTitle "EXT 2022"]
[Source "ChessBase"]
[SourceDate "2021.10.06"]
[SourceVersion "1"]
[SourceVersionDate "2021.10.06"]
[SourceQuality "1"]

1. e4 c5 2. Nf3 Nc6 3. d4 cxd4 4. Nxd4 Nf6 5. Nc3 e5 6. Ndb5 d6 7. Bg5 a6 8. Na3 b5 9. Nd5 Be7 10. Nxe7 Nxe7 11. Bxf6 gxf6 12. Qd2 Bb7 13. f3 d5 14. exd5 Nxd5 15. 0-0-0 Qc7 16. Kb1 0-0-0 17. Bd3 Nf4 18. Qf2 Nxd3 19. cxd3 Kb8 20. Nc2 Rd6 21. Rhe1 Qd7 22. Re3 Qf5 23. Qd2 Rhd8 24. Nb4 h5 25. Rc1 h4 26. h3 Qg5 27. Qe2 Rg8 28. Rg1 Bc8 29. Qe1 Bf5 30. Qe2 Qf4 0-1

[Event "Nabereznye Chelny"]
[Site "Nabereznye Chelny"]
[Date "2007.03.13"]
[Round "11"]
[White "Dimukhametov, Artur"]
[Black "Alyautdinov, Rushan"]
[Result "1-0"]
[WhiteElo "2211"]
[BlackElo "2186"]
[PlyCount "87"]
[EventDate "2007.02.17"]
[EventType "tourn"]
[EventRounds "11"]
[EventCountry "RUS"]
[SourceTitle "EXT 2010"]
[Source "ChessBase"]
[SourceDate "2010.11.25"]
[SourceVersion "1"]
[SourceVersionDate "2010.11.25"]
[SourceQuality "1"]

1. d4 c5 2. d5 e5 3. e4 d6 4. Nc3 Be7 5. Bb5+ Nd7 6. a4 Bg5 7. Nf3 Bxc1 8. Qxc1 Ngf6 9. a5 a6 10. Bd3 0-0 11. 0-0 Re8 12. Nd2 Nf8 13. Nc4 Ng6 14. Qe3 Nf4 15. Rfb1 N6h5 16. g3 Ng6 17. b4 cxb4 18. Rxb4 Qe7 19. Rab1 Rd8 20. Nb6 Rb8 21. Nxc8 Rdxc8 22. Bxa6 Qc7 23. Rxb7 Rxb7 24. Bxb7 Qxc3 25. Bxc8 Qxc8 26. Qb6 Nf8 27. a6 Nf6 28. a7 Nxe4 29. Qe3 Qxc2 30. Ra1 g6 31. a8Q Kg7 32. Qa4 Qxa4 33. Rxa4 Nc5 34. Rc4 Nfd7 35. Kg2 f5 36. f3 h6 37. Qa3 Kf6 38. Qa5 Ke7 39. Qc7 g5 40. Rxc5 dxc5 41. Qc6 g4 42. fxg4 fxg4 43. Qe6+ Kd8 44. d6 1-0

[Event "Nabereznye Chelny"]
[Site "Nabereznye Chelny"]
[Date "2007.03.01"]
[Round "6"]
[White "Alyautdinov, Rushan"]
[Black "Murzin, Lenar"]
[Result "1/2-1/2"]
[WhiteElo "2186"]
[BlackElo "2205"]
[PlyCount "102"]
[EventDate "2007.02.17"]
[EventType "tourn"]
[EventRounds "11"]
[EventCountry "RUS"]
[SourceTitle "EXT 2010"]
[Source "ChessBase"]
[SourceDate "2010.11.25"]
[SourceVersion "1"]
[SourceVersionDate "2010.11.25"]
[SourceQuality "1"]

1. e4 e5 2. Nf3 Nc6 3. Bb5 a6 4. Ba4 Nf6 5. 0-0 b5 6. Bb3 Bb7 7. Re1 Bc5 8. c3 d6 9. d4 Bb6 10. d5 Ne7 11. Nbd2 0-0 12. Nf1 c6 13. dxc6 Bxc6 14. Ng3 Qc7 15. Be3 Rad8 16. Bxb6 Qxb6 17. Qc2 Nd7 18. Qe2 Nc5 19. Bc2 Ne6 20. Rad1 Nf4 21. Qe3 Qxe3 22. fxe3 Ne6 23. Rd2 Rd7 24. Red1 Rfd8 25. Kf2 g6 26. Ke2 Kg7 27. Ra1 Rb8 28. Rad1 Rbd8 29. Ra1 Nc8 30. a4 Rb7 31. axb5 Bxb5+ 32. Kf2 Rc7 33. Bb3 Nc5 34. Bc2 Ne6 35. Bd3 Nb6 36. Bxb5 axb5 37. Rdd1 Na4 38. Rd2 Kf6 39. Rad1 Ke7 40. Ne1 Rc6 41. Nd3 Nb6 42. Nb4 Rc5 43. Ra1 Na4 44. Rad1 Nb6 45. Ra1 Na4 46. Rad1 Nc7 47. Ne2 Ne8 48. Nc1 Nf6 49. Kf3 Nb6 50. Ncd3 Rcc8 51. Nxe5 Nc4 1/2-1/2

[Event "Nabereznye Chelny"]
[Site "Nabereznye Chelny"]
[Date "2007.02.17"]
[Round "1"]
[White "Alyautdinov, Rushan"]
[Black "Zakirov, Rustem"]
[Result "0-1"]
[WhiteElo "2186"]
[BlackElo "2279"]
[PlyCount "132"]
[EventDate "2007.02.17"]
[EventType "tourn"]
[EventRounds "11"]
[EventCountry "RUS"]
[SourceTitle "EXT 2010"]
[Source "ChessBase"]
[SourceDate "2010.11.25"]
[SourceVersion "1"]
[SourceVersionDate "2010.11.25"]
[SourceQuality "1"]

1. e4 c6 2. d4 d5 3. Nc3 dxe4 4. Nxe4 Bf5 5. Ng3 Bg6 6. h4 h6 7. h5 Bh7 8. Nf3 Nd7 9. Bd3 Bxd3 10. Qxd3 e6 11. Bf4 Ngf6 12. 0-0-0 Qa5 13. Kb1 0-0-0 14. Qe2 Be7 15. Bd2 Qc7 16. Ne5 Nxe5 17. dxe5 Nd7 18. f4 Rhe8 19. c4 a5 20. Be3 Nc5 21. Rxd8+ Rxd8 22. Rd1 Rxd1+ 23. Qxd1 Qd7 24. Qxd7+ Kxd7 25. Bxc5 Bxc5 26. Ne4 Be3 27. g3 b5 28. b3 bxc4 29. bxc4 Kc7 30. Kc2 f5 31. exf6 gxf6 32. Kd3 Bg1 33. Nc3 f5 34. Ne2 Bf2 35. Kc3 Kd6 36. Kc2 e5 37. Kc3 Be1+ 38. Kc2 a4 39. Kd1 Ba5 40. Kc2 Be1 41. Kd1 Bf2 42. Kc2 e4 43. Kd2 Kc5 44. Kc3 Be1+ 45. Kb2 Kxc4 46. Kc2 c5 47. Kd1 Bf2 48. Kd2 Bd4 49. Kc2 Bf6 50. Ng1 Kd4 51. Kd2 c4 52. Ne2+ Kc5 53. Kc1 e3 54. Kd1 Kd5 55. Kc2 a3 56. Kd1 Ke4 57. Kc2 Kf3 58. Kd1 Kf2 59. Nc1 Bb2 60. Ne2 Kf1 61. g4 fxg4 62. f5 Be5 63. Nc1 g3 64. Ne2 g2 65. f6 Bxf6 66. Ng3+ Kf2 0-1

[Event "Belyaev Memorial 06th"]
[Site "Vizantia"]
[Date "2006.07.15"]
[Round "8"]
[White "Kamilov, Lenar"]
[Black "Alyautdinov, Rushan"]
[Result "1/2-1/2"]
[WhiteElo "2228"]
[BlackElo "2140"]
[PlyCount "58"]
[EventDate "2006.06.29"]
[EventType "swiss"]
[EventRounds "11"]
[EventCountry "RUS"]
[SourceTitle "EXT 2008"]
[Source "ChessBase"]
[SourceDate "2007.11.25"]
[SourceVersion "1"]
[SourceVersionDate "2007.11.25"]
[SourceQuality "1"]

1. Nf3 Nf6 2. g3 c5 3. c4 g6 4. Bg2 Bg7 5. 0-0 0-0 6. Nc3 Nc6 7. d3 d6 8. a3 Bd7 9. Rb1 Qc8 10. Ne1 Bh3 11. Nc2 Bxg2 12. Kxg2 Rb8 13. b4 h5 14. h4 Kh7 15. Bd2 Nd7 16. e3 Nce5 17. Qe2 Nf6 18. Rfc1 Qc6+ 19. e4 Qd7 20. b5 a5 21. f4 Neg4 22. Ne3 Nxe3+ 23. Bxe3 b6 24. Rf1 Ng4 25. Nd1 f5 26. Nf2 Nxf2 27. Rxf2 e6 28. Qf3 Rfd8 29. exf5 exf5 1/2-1/2